000
00209 a2200097 4500
001
27760
100
_a
Weiner, M
245
_a
Answering and questions
260
_a
_b
David & Charles
_c
090
_c
18551
_d
18551
942
_a
NUST-CAE
_c
M
_c
9504
999
_c
262833
_d
262833